| 000 | 00772nam a2200301Ia 4500 | ||
|---|---|---|---|
| 008 | 160803s9999 xx 000 0 und d | ||
| 020 | _a9780439680103 | ||
| 100 | _aBauer, Marion Dane | ||
| 245 | _aOne brown bunny / | ||
| 245 | _ctext by Marion Dane Bauer ; illustrated by Ivan Bates. | ||
| 250 | _a1st edition. | ||
| 260 | _aNew York : | ||
| 260 | _bScholastic Inc. | ||
| 260 | _c2009 | ||
| 300 | _a18 unnumbered pages : | ||
| 300 | _bcolor illustrations ; | ||
| 300 | _c21 x 26 cm | ||
| 650 | _aAnimals -- Infancy -- | ||
| 650 | _aFriendship -- | ||
| 650 | _aPlay -- | ||
| 650 | _aRabbits -- | ||
| 650 | _aStories in rhyme. | ||
| 650 | _x Fiction. | ||
| 650 | _xFiction. | ||
| 650 | _xFiction. | ||
| 650 | _xFiction. | ||
| 700 | _a340 | ||
| 999 |
_c299576 _d299576 |
||